| 000 | 00863nam a22002057a 4500 | ||
|---|---|---|---|
| 005 | 20240618155007.0 | ||
| 010 | _aHIN-127713 | ||
| 020 |
_c595.00 _a9788188935185 |
||
| 035 | _aHN-100059 | ||
| 037 | _bDBAD | ||
| 082 | _a821.08 | ||
| 245 |
_aमनोनुकृति : _bरचना और आलोचना/ _cप्रकाश त्रिपाठी द्वारा संपादन |
||
| 250 | _aप्रथम | ||
| 260 |
_aइलाहाबाद _bवचन पब्लिकेशंस _c2017 |
||
| 270 |
_a52,तुलारामबाग, _bइलाहाबाद _e211006 _k9415347186, 9415763049 |
||
| 300 |
_aविविध पृ. _c22सेमी (सजिल्द) |
||
| 700 |
_961637 _aत्रिपाठी, प्रकाश |
||
| 700 |
_a _961638 |
||
| 942 |
_2ddc _cHN _h821.08 _mमनोनु |
||
| 999 |
_c203250 _d203250 |
||